Statistics for Countries of the World - with an Empty Pacific World Map

Click here to take the quiz!

General Stats

  • This quiz has been taken 845 times
    (732 since last reset)
  • The average score is 163 of 196

Answers on the Map

Answers color-coded by a green-red scale on the quiz's map according to % correct below.
 

Answer Stats

Country% Correct
United States
95%
Canada
93%
Russia
92%
China
91%
Australia
90%
Mexico
90%
Argentina
88%
Brazil
88%
France
88%
India
88%
Japan
88%
United Kingdom
88%
Bolivia
87%
Colombia
87%
Mongolia
87%
Panama
87%
Paraguay
87%
Peru
87%
Chile
86%
Ecuador
86%
Germany
86%
Indonesia
86%
Iran
86%
Iraq
86%
Italy
86%
Kazakhstan
86%
New Zealand
86%
Pakistan
86%
Poland
86%
Spain
86%
Uruguay
86%
Venezuela
86%
Afghanistan
85%
Austria
85%
Belarus
85%
Cuba
85%
Egypt
85%
Finland
85%
Guatemala
85%
Malaysia
85%
Morocco
85%
Nepal
85%
Nicaragua
85%
North Korea
85%
Norway
85%
Portugal
85%
Saudi Arabia
85%
South Korea
85%
Sweden
85%
Thailand
85%
Turkey
85%
Ukraine
85%
Vietnam
85%
Algeria
84%
Bangladesh
84%
Belgium
84%
Bhutan
84%
Costa Rica
84%
Czech Republic
84%
Democratic Republic
of the Congo
84%
Denmark
84%
Greece
84%
Guyana
84%
Haiti
84%
Honduras
84%
Kiribati
84%
Laos
84%
Myanmar
84%
Romania
84%
Slovakia
84%
South Africa
84%
Sudan
84%
Suriname
84%
Switzerland
84%
Syria
84%
Uzbekistan
84%
Yemen
84%
Albania
83%
Belize
83%
Bulgaria
83%
Cambodia
83%
Chad
83%
Dominica
83%
Dominican Republic
83%
Estonia
83%
Fiji
83%
Hungary
83%
Israel
83%
Jordan
83%
Libya
83%
Luxembourg
83%
Mali
83%
Niger
83%
Nigeria
83%
Oman
83%
Papua New Guinea
83%
Philippines
83%
Republic of the Congo
83%
Serbia
83%
Slovenia
83%
Somalia
83%
South Sudan
83%
Tonga
83%
Turkmenistan
83%
Andorra
82%
Armenia
82%
Azerbaijan
82%
Bosnia and
Herzegovina
82%
Croatia
82%
El Salvador
82%
Ethiopia
82%
Georgia
82%
Ghana
82%
Ireland
82%
Jamaica
82%
Kenya
82%
Kosovo
82%
Kyrgyzstan
82%
Latvia
82%
Lesotho
82%
Lithuania
82%
Moldova
82%
Montenegro
82%
Netherlands
82%
North Macedonia
82%
Samoa
82%
Tajikistan
82%
Tunisia
82%
Vatican City
82%
Zimbabwe
82%
Angola
81%
Benin
81%
Botswana
81%
Brunei
81%
Cameroon
81%
Central African Republic
81%
Federated States of
Micronesia
81%
Guinea
81%
Iceland
81%
Ivory Coast
81%
Lebanon
81%
Liechtenstein
81%
Malta
81%
Palau
81%
Saint Kitts and Nevis
81%
San Marino
81%
Senegal
81%
Solomon Islands
81%
Taiwan
81%
Tanzania
81%
Togo
81%
Tuvalu
81%
Uganda
81%
United Arab Emirates
81%
Zambia
81%
Bahamas
80%
Bahrain
80%
Barbados
80%
Burkina Faso
80%
Djibouti
80%
East Timor
80%
Eswatini
80%
Liberia
80%
Madagascar
80%
Mauritania
80%
Mozambique
80%
Namibia
80%
Qatar
80%
Rwanda
80%
Saint Lucia
80%
Seychelles
80%
Singapore
80%
Sri Lanka
80%
Trinidad and Tobago
80%
Antigua and Barbuda
79%
Burundi
79%
Cyprus
79%
Eritrea
79%
Gabon
79%
Gambia
79%
Guinea-Bissau
79%
Malawi
79%
Maldives
79%
Marshall Islands
79%
Mauritius
79%
Monaco
79%
Saint Vincent and the
Grenadines
79%
Sierra Leone
79%
Cape Verde
78%
Comoros
78%
Equatorial Guinea
78%
Grenada
78%
Kuwait
78%
Nauru
78%
Vanuatu
78%
São Tomé and Príncipe
77%

Score Distribution

Percentile by Number Answered

Percent of People with Each Score

Your Score History

You have not taken this quiz since the last reset